[Event "HUN-chT U18"]
[Site "Hajduboszormeny"]
[Date "2016.11.04"]
[Round "4.10"]
[White "Ugroczky, Peter"]
[Black "Fodor, Balazs"]
[Result "1-0"]
[WhiteElo "2219"]
[BlackElo "2089"]
[PlyCount "67"]
[EventDate "2016.11.02"]
[EventType "team-swiss"]
[EventRounds "8"]
[EventCountry "HUN"]
[SourceTitle "CBM 175 Extra"]
[Source "ChessBase"]
[SourceDate "2016.12.12"]
[SourceVersion "1"]
[SourceVersionDate "2016.12.12"]
[SourceQuality "1"]

1. e4 e6 2. d4 d5 3. Nd2 Nc6 4. Ngf3 Nf6 5. e5 Nd7 6. Bd3 f6 7. exf6 Qxf6 8. c3 Bd6 9. Qb3 0-0 10. Nf1 Nb6 11. Bg5 Qf7 12. Qc2 Qh5 13. Be3 Nc4 14. 0-0-0 Nxe3 15. Nxe3 e5 16. dxe5 Nxe5 17. Nxe5 Bxe5 18. Nxd5 Be6 19. Ne3 Kh8 20. g3 Bf6 21. Kb1 Qf7 22. c4 b5 23. Bxh7 bxc4 24. Bg6 Qe7 25. Nd5 Qc5 26. Qe2 Bg5 27. Qxe6 Rxf2 28. Bc2 Rxc2 29. Kxc2 Qf2+ 30. Kb1 Rb8 31. Qe5 c3 32. Qxc3 c6 33. Rhf1 Qg2 34. Qc2 1-0

[Event "HUN-ch U16"]
[Site "Balatonlelle"]
[Date "2016.06.26"]
[Round "4"]
[White "Acs, Marton"]
[Black "Ugroczky, Peter"]
[Result "0-1"]
[WhiteElo "2063"]
[BlackElo "2222"]
[PlyCount "66"]
[EventDate "2016.06.24"]
[EventType "swiss"]
[EventRounds "9"]
[EventCountry "HUN"]
[SourceTitle "CBM 173 Extra"]
[Source "ChessBase"]
[SourceDate "2016.08.29"]
[SourceVersion "1"]
[SourceVersionDate "2016.08.29"]
[SourceQuality "1"]

1. d4 d5 2. Nf3 Nf6 3. g3 e6 4. Bg2 Be7 5. 0-0 0-0 6. c4 c6 7. Qc2 Nbd7 8. Nbd2 b6 9. e4 Ba6 10. b3 Rc8 11. Re1 c5 12. exd5 exd5 13. Bb2 Re8 14. Rad1 Bf8 15. Qb1 Rxe1+ 16. Rxe1 dxc4 17. bxc4 cxd4 18. Nxd4 Qc7 19. Nb5 Qb8 20. Bh3 Rd8 21. Nf3 Bb7 22. Ng5 g6 23. Qa1 h6 24. Nxf7 Kxf7 25. Be6+ Kg7 26. Bxd7 Rxd7 27. Bxf6+ Kh7 28. Be5 Qc8 29. Qc3 Qc6 30. f3 Bb4 31. Qxb4 Qxf3 32. Qb2 Qh1+ 33. Kf2 Qg2+ 0-1

[Event "HUN-chT2 Szechenyi 1516"]
[Site "Hungary"]
[Date "2015.10.04"]
[Round "2.3"]
[White "Tamas, Gyorgy"]
[Black "Ugroczky, Peter"]
[Result "0-1"]
[WhiteElo "2016"]
[BlackElo "2216"]
[PlyCount "60"]
[EventDate "2015.09.13"]
[EventType "team-tourn"]
[EventRounds "11"]
[EventCountry "HUN"]
[SourceTitle "CBM 170 Extra"]
[Source "ChessBase"]
[SourceDate "2016.02.25"]
[SourceVersion "1"]
[SourceVersionDate "2016.02.25"]
[SourceQuality "1"]
[WhiteTeam "Zala Volan"]
[BlackTeam "HVSE Infraplan"]
[WhiteTeamCountry "HUN"]
[BlackTeamCountry "HUN"]

1. d4 d5 2. Nf3 Nf6 3. c4 e6 4. Nc3 Nbd7 5. Bg5 c6 6. e3 Qa5 7. Bxf6 Nxf6 8. Bd3 Be7 9. 0-0 0-0 10. Qc2 Qc7 11. Rac1 dxc4 12. Bxc4 b6 13. Bd3 Bb7 14. Ne4 g6 15. a3 a5 16. Ne5 Rac8 17. Nxf6+ Bxf6 18. f4 Bg7 19. b4 axb4 20. axb4 Qe7 21. Qb3 c5 22. bxc5 bxc5 23. Qa3 Bxe5 24. dxe5 Rfd8 25. Be2 Rd2 26. Rf2 Ra8 27. Qxc5 Qxc5 28. Rxc5 Raa2 29. Bf3 Rxf2 30. Bxb7 Rfb2 0-1

[Event "EU-ch U16 25th"]
[Site "Porec"]
[Date "2015.09.29"]
[Round "8"]
[White "Ugroczky, Peter"]
[Black "Morozov, Nichita"]
[Result "0-1"]
[WhiteElo "2186"]
[BlackElo "2269"]
[PlyCount "60"]
[EventDate "2015.09.21"]
[EventType "swiss"]
[EventRounds "9"]
[EventCountry "CRO"]
[SourceTitle "EXT 2016"]
[Source "ChessBase"]
[SourceDate "2015.10.08"]
[SourceVersion "1"]
[SourceVersionDate "2015.10.08"]
[SourceQuality "1"]

1. e4 e5 2. Nf3 Nc6 3. Bb5 a6 4. Ba4 Nf6 5. d4 exd4 6. 0-0 Be7 7. Re1 b5 8. Bb3 d6 9. Bd5 Nxd5 10. exd5 Ne5 11. Nxd4 0-0 12. Nc3 Bb7 13. f4 Nc4 14. a4 b4 15. Na2 a5 16. Qe2 Bh4 17. g3 Bxd5 18. gxh4 Qf6 19. Nf3 h6 20. Qd3 c6 21. Ng5 g6 22. Rb1 Rae8 23. Re2 Rxe2 24. Qxe2 hxg5 25. hxg5 Qd4+ 26. Kf1 Na3 27. c3 Qe4 28. Qxe4 Bxe4 29. cxb4 Bxb1 30. Nc3 Bd3+ 0-1

[Event "EU-ch U16 25th"]
[Site "Porec"]
[Date "2015.09.28"]
[Round "7"]
[White "Tomczak, Mikolaj"]
[Black "Ugroczky, Peter"]
[Result "1/2-1/2"]
[WhiteElo "2372"]
[BlackElo "2186"]
[PlyCount "31"]
[EventDate "2015.09.21"]
[EventType "swiss"]
[EventRounds "9"]
[EventCountry "CRO"]
[SourceTitle "EXT 2016"]
[Source "ChessBase"]
[SourceDate "2015.10.08"]
[SourceVersion "1"]
[SourceVersionDate "2015.10.08"]
[SourceQuality "1"]

1. d4 d5 2. c4 e6 3. Nc3 Nf6 4. cxd5 exd5 5. Bg5 c6 6. e3 Qb6 7. Qc2 Ne4 8. Nxe4 dxe4 9. Qxe4+ Be6 10. Nf3 Qxb2 11. Rb1 Qxa2 12. Rxb7 Qa5+ 13. Kd1 Bb4 14. Bd3 Qa1+ 15. Bb1 Qa4+ 16. Bc2 1/2-1/2

[Event "EU-ch U16 25th"]
[Site "Porec"]
[Date "2015.09.23"]
[Round "3"]
[White "Costachi, Mihnea"]
[Black "Ugroczky, Peter"]
[Result "1-0"]
[WhiteElo "2408"]
[BlackElo "2186"]
[PlyCount "77"]
[EventDate "2015.09.21"]
[EventType "swiss"]
[EventRounds "9"]
[EventCountry "CRO"]
[SourceTitle "EXT 2016"]
[Source "ChessBase"]
[SourceDate "2015.10.08"]
[SourceVersion "1"]
[SourceVersionDate "2015.10.08"]
[SourceQuality "1"]

1. d4 d5 2. c4 e6 3. Nc3 Nf6 4. cxd5 exd5 5. Bg5 c6 6. Qc2 g6 7. e3 Bf5 8. Bd3 Bxd3 9. Qxd3 Bg7 10. Nf3 0-0 11. 0-0 Nbd7 12. Ne5 Qc7 13. f4 Rfe8 14. Rac1 Qd6 15. Bh4 Nb6 16. f5 Nc4 17. fxg6 hxg6 18. Bxf6 Bxf6 19. Ne4 dxe4 20. Qxc4 Qe6 21. Nxg6 Bxd4 22. Qxd4 Qxg6 23. Rf6 Qg7 24. Rcf1 Rad8 25. Qb4 Rd7 26. Qe1 Re5 27. Qh4 Qg5 28. Qh3 Red5 29. R6f4 f5 30. Rxf5 Rxf5 31. Rxf5 Rd1+ 32. Kf2 Qg6 33. Rf4 Rd2+ 34. Ke1 Rxg2 35. Qc8+ Kh7 36. Rh4+ Kg7 37. Qh8+ Kf7 38. Rh7+ Ke6 39. Rh6 1-0